Необходимость формирования новых механизмов информационного общества в связи с появлением концепции "электронного правительства"; Современные техника и технологии; Т. 2
| Parent link: | Современные техника и технологии: сборник трудов XXI международной научной конференции студентов, аспирантов и молодых ученых, Томск, 5-9 октября 2015 г./ Национальный исследовательский Томский политехнический университет (ТПУ).— , 2015 Т. 2.— 2015.— [С. 329-331] |
|---|---|
| Autor principal: | |
| Autor Corporativo: | |
| Resumo: | Заглавие с титульного экрана |
| Idioma: | russo |
| Publicado em: |
2015
|
| coleção: | Социально-гуманитарный аспект инженерной деятельности |
| Assuntos: | |
| Acesso em linha: | http://earchive.tpu.ru/handle/11683/22100 http://www.lib.tpu.ru/fulltext/c/2015/C01/V2/095.pdf |
| Formato: | MixedMaterials Recurso Eletrônico Capítulo de Livro |
| KOHA link: | https://koha.lib.tpu.ru/cgi-bin/koha/opac-detail.pl?biblionumber=615281 |
MARC
| LEADER | 00000naa2a2200000 4500 | ||
|---|---|---|---|
| 001 | 615281 | ||
| 005 | 20240220105223.0 | ||
| 035 | |a (RuTPU)RU\TPU\conf\13480 | ||
| 035 | |a RU\TPU\conf\13473 | ||
| 090 | |a 615281 | ||
| 100 | |a 20151103d2015 k y0rusy50 ca | ||
| 101 | 0 | |a rus | |
| 102 | |a RU | ||
| 105 | |a y z 101zy | ||
| 135 | |a drgn ---uucaa | ||
| 181 | 0 | |a i | |
| 182 | 0 | |a b | |
| 200 | 1 | |a Необходимость формирования новых механизмов информационного общества в связи с появлением концепции "электронного правительства" |f А. В. Хаперская | |
| 203 | |a Текст |c электронный | ||
| 225 | 1 | |a Социально-гуманитарный аспект инженерной деятельности | |
| 300 | |a Заглавие с титульного экрана | ||
| 320 | |a [Библиогр.: с. 331 (5 назв.)] | ||
| 337 | |a Adobe Reader | ||
| 461 | 1 | |0 (RuTPU)RU\TPU\conf\13102 |t Современные техника и технологии |o сборник трудов XXI международной научной конференции студентов, аспирантов и молодых ученых, Томск, 5-9 октября 2015 г. |o в 2 т. |f Национальный исследовательский Томский политехнический университет (ТПУ) |d 2015 | |
| 463 | 0 | |0 (RuTPU)RU\TPU\conf\13105 |t Т. 2 |f под ред. А. М. Малышенко [и др.] |v [С. 329-331] |d 2015 | |
| 610 | 1 | |a труды учёных ТПУ | |
| 610 | 1 | |a электронный ресурс | |
| 610 | 1 | |a информационное общество | |
| 610 | 1 | |a электронное правительство | |
| 700 | 1 | |a Хаперская |b А. В. |c экономист |c доцент Томского политехнического университета, кандидат педагогических наук |f 1986- |g Алена Васильевна |y Томск |3 (RuTPU)RU\TPU\pers\32041 |9 16088 | |
| 712 | 0 | 2 | |a Национальный исследовательский Томский политехнический университет (ТПУ) |b Институт социально-гуманитарных технологий (ИСГТ) |b Кафедра менеджмента (МЕН) |3 (RuTPU)RU\TPU\col\18855 |
| 801 | 2 | |a RU |b 63413507 |c 20210120 |g RCR | |
| 856 | 4 | |u http://earchive.tpu.ru/handle/11683/22100 | |
| 856 | 4 | |u http://www.lib.tpu.ru/fulltext/c/2015/C01/V2/095.pdf | |
| 942 | |c BK | ||